Técnicas de investigación social: el análisis de correspondencias, teoría y práctica

Saved in:
Bibliografiske detaljer
Hovedforfatter: Cornejo Alvarez, José Manuel (Author)
Format: Bog
Sprog:spansk
Udgivet: Barcelona PPU 1988
Serier:Biblioteca Universitaria de Ciencias Sociales. Medium
Fag:
Tags: Tilføj Tag
Ingen Tags, Vær først til at tagge denne postø!

MARC

LEADER 00000nam a2200000 a 4500
001 UCM8592
003 CL-VaPUC
008 030321e19880000SP |||||||||||||||||spa|d
082 0 4 |a 300.72  |b COR  |2 21 
100 0 |a Cornejo Alvarez, José Manuel  |e author  |9 474654 
245 1 0 |a Técnicas de investigación social: el análisis de correspondencias, teoría y práctica 
300 |a 436 p 
942 |c BK 
945 |d 20030321 00:00:00  |a cmena 
260 |a Barcelona  |b PPU  |c 1988 
650 0 |a Métodos de investigación   |9 262618 
650 7 |a INDICADORES SOCIALES  |2 CL-VaPUC  |9 307123 
650 0 |a Ciencias sociales  |v Investigación  |9 307767 
650 0 |a Análisis estadístico  |9 269506 
650 0 |a Muestreo  |9 270457 
583 |a last modification  |c 20030321 00:00:00  |k Rodrigo Vera 
490 0 |a Biblioteca Universitaria de Ciencias Sociales. Medium 
999 |c 303054  |d 303052 
952 |0 0  |1 0  |4 0  |6 300_720000000000000_COR_1988  |7 0  |8 A  |9 364009  |a BIBGIM  |b BIBGIM  |d 2019-11-21  |i 3882950  |o 300.72 COR 1988  |p 3882950  |r 2025-01-15  |w 2019-11-21  |y BK  |k EST